000 00464nam a2200145Ia 4500
003 OSt
005 20260119142312.0
008 211028s2013 xx 000 0 und d
040 _cAIMIT LIBRARY
041 _aeng
100 _aFernandis, Ronald; Pereira, Divya.
_g1116133
_97074
245 _aStudy on consumer preference wih leading national brands and large store brands at lifestyle Mangalore /
260 _aMangalore
_bDivya Pereira
_c2013
942 _2ddc
_cPRO
999 _c218644
_d218644